|
|
|
|
| LEADER |
01545nam a2200397 a 4500 |
| 001 |
EBC3007681 |
| 003 |
MiAaPQ |
| 005 |
20200520144314.0 |
| 006 |
m o d | |
| 007 |
cr cn||||||||| |
| 008 |
130814s2013 ncua sb 000 0 fre d |
| 020 |
|
|
|z 9781604911367
|
| 020 |
|
|
|z 9781604911244
|
| 020 |
|
|
|a 9781604911251 (electronic bk.)
|
| 035 |
|
|
|a (MiAaPQ)EBC3007681
|
| 035 |
|
|
|a (Au-PeEL)EBL3007681
|
| 035 |
|
|
|a (CaPaEBR)ebr10739663
|
| 035 |
|
|
|a (OCoLC)951575138
|
| 040 |
|
|
|a MiAaPQ
|c MiAaPQ
|d MiAaPQ
|
| 041 |
1 |
|
|a fre
|h eng
|
| 050 |
|
4 |
|a HD58.8
|b .B86 2013
|
| 082 |
0 |
4 |
|a 658
|2 23
|
| 100 |
1 |
|
|a Bunker, Kerry A.
|
| 245 |
1 |
0 |
|a Repondre au changement
|h [electronic resource] :
|b aider les autres a gerer la transition /
|c Kerry A. Bunker.
|
| 260 |
|
|
|a Greensboro, N.C. :
|b Center for Creative Leadership,
|c 2013.
|
| 300 |
|
|
|a 33 p. :
|b ill.
|
| 490 |
1 |
|
|a Guide "Transformer les idees en action"
|
| 500 |
|
|
|a "Originally published in English as Responses to change: helping people to manage transition, copyright 2008"--T.p. verso.
|
| 504 |
|
|
|a Includes bibliographical references.
|
| 533 |
|
|
|a Electronic reproduction. Ann Arbor, MI : ProQuest, 2015. Available via World Wide Web. Access may be limited to ProQuest affiliated libraries.
|
| 650 |
|
0 |
|a Organizational change
|x Management.
|
| 650 |
|
0 |
|a Leadership.
|
| 655 |
|
4 |
|a Electronic books.
|
| 710 |
2 |
|
|a ProQuest (Firm)
|
| 830 |
|
0 |
|a Ideas into action guidebooks.
|
| 856 |
4 |
0 |
|u https://ebookcentral.proquest.com/lib/matrademy/detail.action?docID=3007681
|z Click to View
|